000 00383nam a22001577a 4500
003 macl
005 20161126145011.0
008 161126b xxu||||| |||| 00| 0 eng d
040 _cmacl
082 _a001
100 _aKatakwal Renu Singh
_9402
245 _aCompetitive Sports Quiz
260 _aDelhi
_bArogya Nidhi Prakashan
_c2012
650 _aGK
_966318
942 _2ddc
_cBK
_k001
999 _c55635
_d55635